ბათუმის შოთა რუსთაველის სახელმწიფო უნივერსიტეტის ბიბლიოთეკა

საინვესტიციო პოლიტიკა (ბიბ.ჩანაწერი № 43809)

000 -LEADER
fixed length control field 00772nam a2200241Ia 4500
001 - CONTROL NUMBER
control field 10554
003 - CONTROL NUMBER IDENTIFIER
control field GE_BSU
008 - FIXED-LENGTH DATA ELEMENTS--GENERAL INFORMATION
fixed length control field 181216s||||||||xx |||||||||||||| ||und||
020 ## - INTERNATIONAL STANDARD BOOK NUMBER
International Standard Book Number 9789941177156
040 ## - CATALOGING SOURCE
Transcribing agency GE_BSU
080 ## - UNIVERSAL DECIMAL CLASSIFICATION NUMBER
Universal Decimal Classification number 330.332+339.727.22
100 ## - MAIN ENTRY--PERSONAL NAME
Personal name გელაშვილი,მადონა
245 ## - TITLE STATEMENT
Title საინვესტიციო პოლიტიკა
245 ## - TITLE STATEMENT
Statement of responsibility, etc. რედ.მიხეილ.ჩიკვილაძე
260 ## - PUBLICATION, DISTRIBUTION, ETC.
Place of publication, distribution, etc. თბილისი
260 ## - PUBLICATION, DISTRIBUTION, ETC.
Name of publisher, distributor, etc. უნივერსალი
260 ## - PUBLICATION, DISTRIBUTION, ETC.
Date of publication, distribution, etc. 2012
300 ## - PHYSICAL DESCRIPTION
Extent 376გვ.ცხრ.20სმ.
300 ## - PHYSICAL DESCRIPTION
Accompanying material ბიბლიოგრ. გვ.376
653 ## - INDEX TERM--UNCONTROLLED
Uncontrolled term საინვესტიციო პოლიტიკა
942 ## - ADDED ENTRY ELEMENTS (KOHA)
Koha item type წიგნი
ეგზემპლარები
Withdrawn status Lost status Damaged status Not for loan Date acquired Barcode Date last seen Price effective from Koha item type
        2018-12-17 34447 2018-12-17 2018-12-17 წიგნი
        2018-12-17 34448 2018-12-17 2018-12-17 წიგნი
        2018-12-17 34449 2018-12-17 2018-12-17 წიგნი